Príprava a výber strategických projektov

Účelná a efektívna príprava projektov je dôležitá etapa projektového cyklu. Štandardizované kritéria pre zadefinovanie a výber strategicky významných projektov. Cieľová koordinácia, pripravenosť potrebných kapacít, finančných prostriedkov a miery rizika.

Guardado en:
Detalles Bibliográficos
Autor principal: Rybárová, Daniela, 1967-
Formato: Capítulo de libro
Lenguaje:eslovaco
Materias:
Etiquetas: Agregar Etiqueta
Sin Etiquetas, Sea el primero en etiquetar este registro!

MARC

LEADER 00000naa$a2200000$$$4500
001 0120358
005 20240502072342.0
041 0 |a slo 
044 |a SK 
245 1 0 |a Príprava a výber strategických projektov  |c Daniela Rybárová 
520 |a Účelná a efektívna príprava projektov je dôležitá etapa projektového cyklu. Štandardizované kritéria pre zadefinovanie a výber strategicky významných projektov. Cieľová koordinácia, pripravenosť potrebných kapacít, finančných prostriedkov a miery rizika. 
610 2 0 |a prostredie podnikateľské 
610 2 0 |a stratégia investičná 
610 2 0 |a projekty investičné 
610 2 0 |a investície 
610 2 0 |a monitoring 
610 2 0 |a prieskum informačný 
610 2 0 |a financovanie 
610 2 0 |a štúdie 
610 2 0 |a koncepcie 
610 2 0 |a analýzy 
100 1 |a Rybárová, Daniela, 1967-